[Event "ch-USA w 2022"]
[Site "Saint Louis USA"]
[Date "2022.10.08"]
[Round "4.4"]
[White "Abrahamyan, Tatev"]
[Black "Foisor, Sabina-Francesca"]
[Result "1-0"]
[WhiteTitle "WGM"]
[BlackTitle "WGM"]
[WhiteElo "2308"]
[BlackElo "2203"]
[WhiteFideId "13301918"]
[BlackFideId "1212915"]
[EventDate "2022.10.05"]

1. e4 c6 2. Nf3 d5 3. d3 g6 4. e5 Bg7 5. d4 f6 6. c4 Nh6 7. Nc3 Nf7 8. exf6 Bxf6
9. cxd5 cxd5 10. Qb3 e6 11. h4 Nc6 12. Be3 Bd7 13. Bd3 Qb6 14. Qxb6 axb6 15. Rc1
Nd6 16. h5 Kf7 17. g4 e5 18. dxe5 Nxe5 19. Nxe5+ Bxe5 20. Nxd5 Bc6 21. hxg6+
hxg6 22. Rxh8 Rxh8 23. Nb4 Bf3 24. Rc7+ Ke6 25. Bg5 Rh1+ 26. Kd2 Ne4+ 27. Bxe4
Bxe4 28. Re7+ Kd6 29. Nd3 Bxd3 30. Kxd3 Rd1+ 31. Ke4 Rd4+ 32. Kf3 Ra4 33. Rxb7
Kc6 34. Re7 Kd6 35. b3 Rxa2 36. Rh7 Rb2 37. Rh6 Rxb3+ 38. Be3 b5 39. Rxg6+ Kd5
40. Rg8 b4 41. Rd8+ Ke6 42. Ke4 Bf6 43. Rb8 Rb1 44. Rb6+ Kf7 45. g5 Bc3 46. g6+
Ke8 47. Rb8+ Ke7 48. Bg5+ Kd6 49. Kf5 Rf1 50. Bf4+ Kc5 51. Rc8+ Kd5 52. Rxc3
bxc3 53. g7 Rxf2 54. g8=Q+ Kd4 55. Qe6 Rxf4+ 56. Kxf4 Kd3 57. Qe4+ Kd2 58. Qd4+
Kc2 59. Ke3 1-0

[Event "ch-USA w 2022"]
[Site "Saint Louis USA"]
[Date "2022.10.08"]
[Round "4.5"]
[White "Yu, Jennifer"]
[Black "Morris-Suzuki, Sophie"]
[Result "1-0"]
[WhiteTitle "FM"]
[BlackTitle "WFM"]
[WhiteElo "2297"]
[BlackElo "2126"]
[WhiteFideId "2078341"]
[BlackFideId "30922615"]
[EventDate "2022.10.05"]

1. c4 c5 2. Nc3 Nf6 3. e4 d6 4. g3 Nc6 5. Bg2 g6 6. Nge2 Bg7 7. d3 O-O 8. O-O
Ne8 9. Be3 Nd4 10. Qd2 Nc7 11. f4 Rb8 12. Nd5 Nxe2+ 13. Qxe2 Ne6 14. e5 b5 15.
Rad1 Re8 16. b3 b4 17. Qf2 Nd4 18. Bxd4 cxd4 19. Qxd4 Bg4 20. Rde1 a5 21. Qb2 a4
22. d4 Qa5 23. Qd2 Qa7 24. Kh1 dxe5 25. fxe5 Red8 26. Qg5 Qxd4 27. Re4 Qb2 28.
Rxg4 Qxa2 29. Nxe7+ Kh8 30. Rh4 Rf8 31. Be4 Qe2 32. Nxg6+ fxg6 33. Rxh7+ Kg8 34.
Rxg7+ Kxg7 35. Qxg6+ Kh8 36. Qh7# 1-0

[Event "ch-USA w 2022"]
[Site "Saint Louis USA"]
[Date "2022.10.08"]
[Round "4.6"]
[White "Zatonskih, Anna"]
[Black "Lee, Megan"]
[Result "1-0"]
[WhiteTitle "IM"]
[BlackTitle "WIM"]
[WhiteElo "2368"]
[BlackElo "2226"]
[WhiteFideId "14101572"]
[BlackFideId "2029618"]
[EventDate "2022.10.05"]

1. d4 d5 2. c4 c6 3. Nc3 Nf6 4. Nf3 e6 5. cxd5 exd5 6. Bf4 Bf5 7. e3 Qb6 8. Qc1
Nbd7 9. Be2 Be7 10. h3 h6 11. Ne5 Nxe5 12. Bxe5 O-O 13. O-O Qd8 14. Rd1 Bd6 15.
Bxd6 Qxd6 16. a3 a5 17. Qd2 Rfe8 18. Rac1 Re7 19. Bf1 b5 20. Bd3 Bxd3 21. Qxd3
Rae8 22. Rc2 Nd7 23. a4 b4 24. Ne2 Nb8 25. Nc1 Ra7 26. Nb3 g6 27. Rdc1 Kg7 28.
Rc5 Qd8 29. Nd2 Rae7 30. Nf3 Qb6 31. Ne5 Rc7 32. Qd1 f6 33. Nd3 g5 34. R5c2 Nd7
35. Qg4 Nf8 36. Nc5 Kg6 37. h4 Ree7 38. h5+ Kg7 39. Qf5 Ra7 40. Nb3 Re6 41. Rc5
Ra6 42. Qd3 Ra7 43. Nd2 Rf7 44. Qc2 Qa6 45. Nb3 f5 46. Rxa5 Qb6 47. Rc5 Rff6 48.
Qd3 f4 49. exf4 Rxf4 50. a5 Qd8 51. Rxc6 Rxc6 52. Rxc6 Qe8 53. Rc7+ Kg8 54. Qd1
Re4 55. Rc1 Ne6 56. Nc5 Nxd4 57. Nxe4 Qxe4 58. Qe1 Ne2+ 59. Kf1 Qh4 60. Kxe2 d4
61. f3 Qxh5 62. Kf2 Qh4+ 63. Kg1 Qf4 64. Qe8+ Kg7 65. Qe7+ Kg6 66. Qe4+ 1-0

[Event "ch-USA w 2022"]
[Site "Saint Louis USA"]
[Date "2022.10.08"]
[Round "4.7"]
[White "Paikidze, Nazi"]
[Black "Tokhirjonova, Gulrukhbegim"]
[Result "1/2-1/2"]
[WhiteTitle "IM"]
[BlackTitle "WGM"]
[WhiteElo "2354"]
[BlackElo "2336"]
[WhiteFideId "13603620"]
[BlackFideId "14203626"]
[EventDate "2022.10.05"]

1. d4 Nf6 2. c4 g6 3. g3 Bg7 4. Bg2 d5 5. Nf3 O-O 6. O-O dxc4 7. Na3 a5 8. Ne5
c6 9. Naxc4 a4 10. e4 Nbd7 11. f4 Nb6 12. Ne3 Nfd7 13. Qc2 c5 14. Nxd7 Nxd7 15.
d5 Bd4 16. Rb1 Nf6 17. Kh1 e6 18. d6 Nd7 19. b4 axb3 20. Qxb3 b5 21. Nc2 Bg7 22.
e5 Rb8 23. Bd2 Bb7 24. a4 Bxg2+ 25. Kxg2 b4 26. Ne3 Qb6 27. Nc4 Qc6+ 28. Kg1 Ra8
29. a5 f6 30. Nb6 Nxb6 31. Qxe6+ Kh8 32. axb6 fxe5 33. fxe5 Rfe8 34. Qc4 Rxe5
35. Rxb4 Rd5 36. Be3 Qxd6 37. b7 Rb8 38. Rb5 Bd4 39. Bxd4+ Rxd4 40. Qf7 Rd2 41.
Qf3 Kg7 42. Qf7+ Kh8 43. Qf3 Kg7 44. Qf7+ Kh8 45. Qf3 1/2-1/2

[Event "ch-USA w 2022"]
[Site "Saint Louis USA"]
[Date "2022.10.09"]
[Round "5.1"]
[White "Yan, Ruiyang"]
[Black "Wu, Rochelle"]
[Result "0-1"]
[WhiteTitle "FM"]
[BlackTitle "FM"]
[WhiteElo "2220"]
[BlackElo "2317"]
[WhiteFideId "30919860"]
[BlackFideId "30908132"]
[EventDate "2022.10.05"]

1. e4 c5 2. Nf3 d6 3. d4 cxd4 4. Nxd4 Nf6 5. Nc3 Nc6 6. Bg5 e6 7. Qd2 a6 8.
O-O-O Bd7 9. f4 Be7 10. Nf3 b5 11. Bxf6 gxf6 12. Kb1 Qb6 13. Ne2 O-O-O 14. f5
Kb8 15. Nf4 Rhe8 16. Bd3 Ne5 17. Qe2 Rc8 18. Nd2 a5 19. c4 b4 20. Rhf1 a4 21.
Rc1 Bd8 22. fxe6 fxe6 23. Nf3 Rg8 24. h3 Nxf3 25. Rxf3 Qd4 26. Qd2 Qc5 27. g4
Rf8 28. Qf2 Qe5 29. Ne2 Qa5 30. Qd4 Be7 31. Qe3 Rc5 32. Nd4 Re5 33. Qd2 Qb6 34.
Qf2 Rc8 35. Nc2 Rec5 36. Ne3 Qb7 37. Ng2 d5 38. exd5 exd5 39. Re3 Bd8 40. Qf4+
Ka8 41. Re2 dxc4 42. Bxc4 f5 43. Ne3 fxg4 44. hxg4 Bg5 45. Qd4 Be8 46. Rec2 Bxe3
47. Qxe3 Bg6 48. b3 Rxc4 49. bxc4 b3 50. axb3 Qxb3+ 51. Qxb3 axb3 0-1

[Event "ch-USA w 2022"]
[Site "Saint Louis USA"]
[Date "2022.10.09"]
[Round "5.3"]
[White "Eswaran, Ashritha"]
[Black "Zatonskih, Anna"]
[Result "1-0"]
[WhiteTitle "FM"]
[BlackTitle "IM"]
[WhiteElo "2365"]
[BlackElo "2368"]
[WhiteFideId "2080788"]
[BlackFideId "14101572"]
[EventDate "2022.10.05"]

1. e4 c6 2. d4 d5 3. e5 Bf5 4. h4 h6 5. Bd3 Bxd3 6. Qxd3 e6 7. h5 Nd7 8. Ne2 c5
9. c3 Ne7 10. O-O Qc7 11. Na3 a6 12. Nc2 Nc6 13. f4 f5 14. g4 Ne7 15. Ne3 fxg4
16. f5 O-O-O 17. Nf4 exf5 18. Nxf5 cxd4 19. cxd4 Qb6 20. Nd6+ Kb8 21. Nf7 Rg8
22. Nxd8 Nxe5 23. Qb3 Qxb3 24. axb3 Nf3+ 25. Kg2 1-0

[Event "ch-USA w 2022"]
[Site "Saint Louis USA"]
[Date "2022.10.09"]
[Round "5.4"]
[White "Morris-Suzuki, Sophie"]
[Black "Lee, Alice"]
[Result "1/2-1/2"]
[WhiteTitle "WFM"]
[BlackTitle "FM"]
[WhiteElo "2126"]
[BlackElo "2263"]
[WhiteFideId "30922615"]
[BlackFideId "30941822"]
[EventDate "2022.10.05"]

1. d4 d5 2. c4 c6 3. Nf3 Nf6 4. Nc3 e6 5. e3 Nbd7 6. Qc2 Bd6 7. Bd3 dxc4 8. Bxc4
b5 9. Bd3 O-O 10. O-O Bb7 11. e4 e5 12. h3 Re8 13. dxe5 Nxe5 14. Nxe5 Bxe5 15.
Be3 a6 16. f4 Bxc3 17. bxc3 c5 18. e5 c4 19. Be2 Be4 20. Qb2 Nd5 21. Bd4 Qh4 22.
Qd2 Rad8 23. f5 Ne7 24. Bg4 h5 25. Qf4 hxg4 26. Qxe4 Nd5 27. hxg4 b4 28. Rf3 Nf6
29. Qf4 Nd5 30. Qe4 bxc3 31. Bxc3 Nxc3 32. Rxc3 Rd2 33. Qe1 Qd8 34. Kh1 Qd5 35.
Qg3 Qd4 36. Rac1 Rd3 37. Rxd3 cxd3 38. Rd1 d2 39. g5 Rc8 40. g6 Rc3 41. gxf7+
Kxf7 42. e6+ Kf8 43. e7+ Kxe7 44. Qg5+ Kf7 45. Qxd2 Qxd2 46. Rxd2 Ra3 47. g4 Ra4
48. g5 Rh4+ 49. Kg1 Rg4+ 50. Rg2 Rf4 51. Rf2 Rg4+ 52. Rg2 Rf4 53. Rf2 Rg4+ 54.
Rg2 1/2-1/2

[Event "ch-USA w 2022"]
[Site "Saint Louis USA"]
[Date "2022.10.09"]
[Round "5.6"]
[White "Cervantes Landeiro, Thalia"]
[Black "Paikidze, Nazi"]
[Result "1/2-1/2"]
[WhiteTitle "FM"]
[BlackTitle "IM"]
[WhiteElo "2272"]
[BlackElo "2354"]
[WhiteFideId "3520498"]
[BlackFideId "13603620"]
[EventDate "2022.10.05"]

1. d4 Nf6 2. c4 e6 3. Nf3 Bb4+ 4. Nbd2 O-O 5. a3 Be7 6. e4 d6 7. Bd3 Nbd7 8. b4
e5 9. O-O exd4 10. Nxd4 a5 11. Bb2 Re8 12. Nf5 Bf8 13. f4 g6 14. Ne3 Bg7 15. Qb3
b6 16. c5 a4 17. Qa2 bxc5 18. Bc4 Re7 19. bxc5 Bb7 20. Rad1 Nxc5 21. e5 Nfd7 22.
f5 Bxe5 23. f6 Re6 24. Bxe6 Nxe6 25. Ng4 Ba6 26. Rfe1 h5 27. Nh6+ Kf8 28. Nf3
Qxf6 29. Nxe5 Nxe5 30. Bxe5 dxe5 31. Rd7 Nd8 32. Qd5 Rb8 33. Rd1 Kg7 34. Rxd8
Rxd8 35. Qxd8 Qxd8 36. Rxd8 Kxh6 37. Rd5 c6 38. Rxe5 Bc4 39. Kf2 Bd5 40. g3 g5
41. Re7 f5 42. Ra7 Bb3 43. Ra6 h4 44. gxh4 gxh4 45. Rxc6+ Kg5 46. Rd6 Kg4 47.
Kg2 h3+ 48. Kf2 f4 49. Rd4 Bc2 50. Rd8 Bb3 51. Rd7 Bc2 52. Rg7+ Kf5 53. Rc7 Bb3
54. Rc5+ Kg4 55. Ke2 Be6 56. Rc3 Bb3 57. Kd2 Bf7 58. Ke2 Bb3 59. Rc5 Be6 60. Kf2
Bb3 61. Ra5 Bc2 62. Rd5 Bb3 63. Rd2 Be6 64. Rd6 Bb3 65. Rd2 Be6 66. Rd6 Bb3 1/2-1/2

[Event "ch-USA w 2022"]
[Site "Saint Louis USA"]
[Date "2022.10.09"]
[Round "5.7"]
[White "Foisor, Sabina-Francesca"]
[Black "Yu, Jennifer"]
[Result "0-1"]
[WhiteTitle "WGM"]
[BlackTitle "FM"]
[WhiteElo "2203"]
[BlackElo "2297"]
[WhiteFideId "1212915"]
[BlackFideId "2078341"]
[EventDate "2022.10.05"]

1. d4 d5 2. Nf3 Nf6 3. e3 Bf5 4. c4 c6 5. Nc3 e6 6. Nh4 Bg6 7. Be2 Be7 8. Nxg6
hxg6 9. Qc2 Qc7 10. g3 Nbd7 11. Bd2 g5 12. O-O dxc4 13. e4 e5 14. d5 Nb6 15.
dxc6 Qc8 16. Bf3 Qh3 17. Rfe1 bxc6 18. Be3 Nfd7 19. Na4 Qxh2+ 20. Kf1 Qh3+ 21.
Bg2 Qe6 22. Rac1 f6 23. Red1 Kf7 24. a3 Nxa4 25. Qxa4 Nb6 26. Bxb6 axb6 27. Qxc4
Qxc4+ 28. Rxc4 c5 29. Rc3 b5 30. Rcd3 g4 31. f3 gxf3 32. Bxf3 g6 33. Kg2 b4 34.
axb4 cxb4 35. R1d2 Ra1 36. Bd1 f5 37. Rf3 Bg5 38. Rd7+ Ke6 39. Rfd3 Be7 40. Rb7
Kf6 41. Rb6+ Kg5 42. Rb5 Rb1 43. Rxe5 Rxb2+ 44. Kf3 Bf6 45. Red5 Bc3 46. exf5
gxf5 47. Re3 Rh1 48. Be2 Rh2 49. Rd1 Bf6 50. Re8 Rb3+ 51. Re3 Rxe3+ 52. Kxe3 Be5
53. Rb1 Bd6 54. Kf3 Bc5 55. Rf1 b3 56. Bd3 b2 57. Bb1 Rd2 58. Ba2 Bb6 59. Bb1
Bd4 60. Ba2 Rd3+ 61. Kg2 Be5 62. Rf3 Rd1 63. Rf1 Rxf1 64. Kxf1 Kg4 65. Bb1 Bxg3
66. Ke2 f4 67. Ba2 f3+ 68. Ke3 Bh4 69. Bb1 Kg3 70. Be4 Bg5+ 0-1

[Event "ch-USA w 2022"]
[Site "Saint Louis USA"]
[Date "2022.10.11"]
[Round "6.1"]
[White "Zatonskih, Anna"]
[Black "Tokhirjonova, Gulrukhbegim"]
[Result "1/2-1/2"]
[WhiteTitle "IM"]
[BlackTitle "WGM"]
[WhiteElo "2368"]
[BlackElo "2336"]
[WhiteFideId "14101572"]
[BlackFideId "14203626"]
[EventDate "2022.10.05"]

1. d4 Nf6 2. c4 e6 3. Nc3 Bb4 4. Qc2 O-O 5. a3 Bxc3+ 6. Qxc3 d5 7. Nf3 dxc4 8.
Qxc4 b6 9. g3 Ba6 10. Qc2 Nbd7 11. Bg2 c5 12. dxc5 Nxc5 13. b4 Nce4 14. Bb2 Qe8
15. Bxf6 Nxf6 16. O-O Rc8 17. Qb2 Qa4 18. Rac1 Bb7 19. Nd4 Bxg2 20. Kxg2 Qd7 21.
Rxc8 Rxc8 22. Rc1 Rxc1 23. Qxc1 h5 24. Qc4 a6 25. Nf3 a5 26. bxa5 bxa5 27. a4
Qb7 28. Qc5 Qd5 29. Qc8+ Kh7 30. Qc7 Kg8 31. Qc8+ Kh7 32. Qc7 Kg8 33. h3 Ne4 34.
Qb8+ Kh7 35. Qe5 Nc5 36. Qc3 Ne4 37. Qe5 Nc5 38. Qc3 Ne4 39. Qe5 Nc5 40. Qc3 1/2-1/2

[Event "ch-USA w 2022"]
[Site "Saint Louis USA"]
[Date "2022.10.11"]
[Round "6.2"]
[White "Abrahamyan, Tatev"]
[Black "Eswaran, Ashritha"]
[Result "0-1"]
[WhiteTitle "WGM"]
[BlackTitle "FM"]
[WhiteElo "2308"]
[BlackElo "2365"]
[WhiteFideId "13301918"]
[BlackFideId "2080788"]
[EventDate "2022.10.05"]

1. e4 c5 2. Nf3 Nc6 3. d4 cxd4 4. Nxd4 Nf6 5. Nc3 e5 6. Ndb5 d6 7. Bg5 a6 8. Na3
b5 9. Nd5 Be7 10. Bxf6 Bxf6 11. c4 b4 12. Nc2 O-O 13. Qf3 Bg5 14. h4 Bh6 15. g4
f6 16. Be2 a5 17. Rd1 Be6 18. Rg1 Ra7 19. Qg3 g6 20. Rh1 Bf7 21. h5 gxh5 22.
Nde3 Rd7 23. gxh5+ Kh8 24. Bg4 Bf4 25. Qf3 Rc7 26. c5 b3 27. axb3 Bxb3 28. Rxd6
Qb8 29. Qe2 Nb4 30. Rb6 Nxc2+ 31. Kf1 Qe8 32. Nxc2 Qa4 33. Ne3 Qxe4 34. Bf3 Qb1+
35. Kg2 Rg7+ 36. Ng4 Qa2 37. Qd3 Be6 38. Qd6 Re8 39. Rb8 Rxb8 40. Qxb8+ Rg8 41.
Qd6 f5 42. Ra1 Qc4 43. Ra4 e4 0-1

[Event "ch-USA w 2022"]
[Site "Saint Louis USA"]
[Date "2022.10.11"]
[Round "6.3"]
[White "Foisor, Sabina-Francesca"]
[Black "Lee, Megan"]
[Result "0-1"]
[WhiteTitle "WGM"]
[BlackTitle "WIM"]
[WhiteElo "2203"]
[BlackElo "2226"]
[WhiteFideId "1212915"]
[BlackFideId "2029618"]
[EventDate "2022.10.05"]

1. d4 d5 2. Nf3 Nf6 3. e3 c6 4. Bd3 e6 5. b3 Nbd7 6. Bb2 Bb4+ 7. c3 Bd6 8. c4
Ne4 9. O-O O-O 10. Ne5 f6 11. Nxd7 Bxd7 12. f3 Ng5 13. Nd2 f5 14. Qe2 Be8 15. e4
Bh5 16. e5 Bb4 17. a3 Nh3+ 18. Kh1 Nf4 19. Qe3 Bxd2 20. Qxd2 Nxd3 21. Qxd3 f4
22. a4 Bg6 23. Qd2 Qh4 24. Qf2 Qh6 25. cxd5 exd5 26. Bc1 Rae8 27. a5 Bd3 28. Rg1
Qh5 29. Re1 Re6 30. Ra2 Rf5 31. Rd2 Bb5 32. Qg1 Qf7 33. Rf2 Rg6 34. h3 Kf8 35.
Ba3+ Ke8 36. Rd2 Qe6 37. Qh2 Rg3 38. Bc1 Rh5 39. Ra2 g5 40. Bd2 Bd3 41. a6 Bxa6
42. Rc1 Qf5 43. Be1 Rgxh3 44. gxh3 Rxh3 45. Rxa6 Rxh2+ 46. Kxh2 bxa6 47. Rxc6
Qd3 48. Kg2 Qxd4 49. e6 Qb2+ 50. Bf2 d4 51. Rd6 Ke7 52. Rxd4 Kxe6 53. Ra4 Qxb3
54. Rxa6+ Ke5 55. Rxa7 Qd3 56. Ra5+ Kf6 57. Ra4 h5 58. Rd4 Qa3 59. Rc4 h4 60.
Bd4+ Ke6 61. Rc3 Qa2+ 62. Kh3 Qe2 63. Ra3 Qf1+ 64. Kh2 h3 65. Ra2 Qxf3 66. Rf2
Qd3 67. Ba7 Kf5 68. Kh1 g4 69. Kg1 g3 70. Rf1 h2+ 71. Kg2 Qxf1+ 0-1

[Event "ch-USA w 2022"]
[Site "Saint Louis USA"]
[Date "2022.10.11"]
[Round "6.5"]
[White "Paikidze, Nazi"]
[Black "Yan, Ruiyang"]
[Result "0-1"]
[WhiteTitle "IM"]
[BlackTitle "FM"]
[WhiteElo "2354"]
[BlackElo "2220"]
[WhiteFideId "13603620"]
[BlackFideId "30919860"]
[EventDate "2022.10.05"]

1. e4 c5 2. Nf3 e6 3. d4 cxd4 4. Nxd4 a6 5. Bd3 Nf6 6. O-O d6 7. c4 Be7 8. Nc3
O-O 9. Qe2 b6 10. Be3 Bb7 11. f3 Nbd7 12. Rac1 Rc8 13. Bb1 Qc7 14. Rfd1 Qb8 15.
b3 Bd8 16. Bf2 Bc7 17. f4 Rfe8 18. Nf3 Qa8 19. Nd2 Bc6 20. a4 Nf8 21. b4 Ng6 22.
g3 Bb7 23. c5 bxc5 24. bxc5 dxc5 25. Nc4 h5 26. Bxc5 Qb8 27. Bd6 Qa7+ 28. Qf2
Bb8 29. Nb6 Ng4 30. Bxb8 Rxb8 31. Qd4 e5 32. fxe5 N6xe5 33. Kg2 Bxe4+ 34. Qxe4
Ng6 35. Rd7 Qxb6 36. Qd4 Qxd4 37. Rxd4 Rb2+ 38. Kg1 Nxh2 39. Be4 Ne5 40. Rd5
Nhf3+ 41. Bxf3 Nxf3+ 42. Kf1 g6 43. Rd6 Re3 44. a5 Nh2+ 45. Kg1 Rxg3+ 46. Kh1
Ng4 47. Ne2 Rh3+ 48. Kg2 Rh2+ 49. Kg3 Rbxe2 50. Rc3 Rhg2+ 51. Kh3 Rg1 52. Kh4
Ne3 53. Rd8+ Kg7 54. Kh3 Nf1 0-1

[Event "ch-USA w 2022"]
[Site "Saint Louis USA"]
[Date "2022.10.11"]
[Round "6.6"]
[White "Yu, Jennifer"]
[Black "Lee, Alice"]
[Result "1/2-1/2"]
[WhiteTitle "FM"]
[BlackTitle "FM"]
[WhiteElo "2297"]
[BlackElo "2263"]
[WhiteFideId "2078341"]
[BlackFideId "30941822"]
[EventDate "2022.10.05"]

1. d4 d5 2. c4 c6 3. Nf3 Nf6 4. e3 Bf5 5. Nc3 e6 6. Nh4 Be4 7. f3 Bg6 8. Qb3 Qc7
9. Bd2 Be7 10. g3 dxc4 11. Bxc4 a6 12. a4 Nbd7 13. a5 Nh5 14. Nxg6 hxg6 15. Ne4
O-O-O 16. O-O-O Nhf6 17. Ng5 Rdf8 18. Bxe6 fxe6 19. Nxe6 Qd6 20. Nxf8 Rxf8 21.
Rhf1 Qd5 22. Qc2 Bd8 23. Qxg6 Bxa5 24. Kb1 Bxd2 25. Rxd2 Qa5 26. Qd3 Nd5 27. e4
Nb4 28. Qa3 Qb5 29. Rc1 a5 30. Qc3 Qh5 31. f4 Re8 32. d5 Qg6 33. dxc6 Qxe4+ 34.
Ka1 bxc6 35. Rd4 Qe6 36. Qa3 Kb7 37. Qxa5 Nd3 38. f5 Qf7 39. Rxd3 Ra8 40. Qxa8+
Kxa8 41. Rxc6 Qxf5 42. Rb3 Nc5 43. Rc3 Qf1+ 44. Ka2 Qf7+ 45. Ka3 Ne4 46. Rc1 Nd2
47. Kb4 Kb7 48. R6c3 Qe7+ 49. Ka4 Qd7+ 50. Ka3 Qd6+ 51. b4 Ne4 52. Rc4 Nf2 53.
Kb3 Ng4 54. Rc5 Kb6 55. Ra1 Nxh2 56. Raa5 Qd1+ 57. Ka3 Qe2 58. Re5 Qc4 59. Rec5
Qe4 60. Rab5+ Ka6 61. Ra5+ Kb6 62. Rab5+ Ka6 63. Ra5+ Kb6 1/2-1/2

[Event "ch-USA w 2022"]
[Site "Saint Louis USA"]
[Date "2022.10.11"]
[Round "6.7"]
[White "Wu, Rochelle"]
[Black "Morris-Suzuki, Sophie"]
[Result "0-1"]
[WhiteTitle "FM"]
[BlackTitle "WFM"]
[WhiteElo "2317"]
[BlackElo "2126"]
[WhiteFideId "30908132"]
[BlackFideId "30922615"]
[EventDate "2022.10.05"]

1. d4 d5 2. Nc3 e6 3. Bf4 a6 4. e3 Nf6 5. g4 Bb4 6. Bd3 c5 7. dxc5 Nc6 8. Nf3
Qa5 9. Qd2 Nd7 10. Bd6 Nxc5 11. Bxc5 Qxc5 12. a3 Ba5 13. O-O Bd7 14. Na4 Qd6 15.
b4 Bc7 16. Nc5 Bc8 17. e4 Nd4 18. Kg2 Nxf3 19. Kxf3 b6 20. Nb3 Bb7 21. Qe3 O-O
22. Ke2 f5 23. e5 Qxe5 24. gxf5 exf5 25. Qxe5 Bxe5 26. Rab1 Rae8 27. Kd2 Rc8 28.
f4 Bc3+ 29. Ke2 Rce8+ 30. Kf2 Bf6 31. Kg1 d4 32. Rbe1 Be4 33. Nd2 Bh4 34. Re2
Bxd3 35. Rxe8 Rxe8 36. cxd3 Re3 37. Rc1 Rxd3 38. Rc8+ Kf7 39. Nc4 Bf6 40. Nxb6
Rc3 41. Kf2 Rxa3 42. Ra8 Ra2+ 43. Kf1 d3 44. Nc4 Ra1+ 45. Kf2 Bd4+ 46. Kg3 Rc1
47. Nd6+ Ke6 48. Rxa6 Ra1 49. Rxa1 Bxa1 50. Nc4 Kd5 51. Ne3+ Ke4 52. Nd1 Bd4 53.
b5 d2 54. h3 g6 55. Kg2 Kxf4 56. Kf1 Kf3 57. h4 f4 58. h5 g5 59. b6 Bxb6 60. h6
g4 0-1

[Event "ch-USA w 2022"]
[Site "Saint Louis USA"]
[Date "2022.10.12"]
[Round "7.1"]
[White "Morris-Suzuki, Sophie"]
[Black "Paikidze, Nazi"]
[Result "0-1"]
[WhiteTitle "WFM"]
[BlackTitle "IM"]
[WhiteElo "2126"]
[BlackElo "2354"]
[WhiteFideId "30922615"]
[BlackFideId "13603620"]
[EventDate "2022.10.05"]

1. e4 c6 2. d4 d5 3. e5 Bf5 4. h4 h5 5. c4 e6 6. Nc3 Nd7 7. cxd5 cxd5 8. Nge2
Ne7 9. Ng3 Bg6 10. Bd3 Bxd3 11. Qxd3 Nc6 12. Bg5 Qb6 13. Nge2 a6 14. O-O Be7 15.
Be3 Bxh4 16. Rab1 Be7 17. a3 Na5 18. b4 Nc4 19. Nf4 Qc6 20. a4 b5 21. Ra1 Rc8
22. axb5 axb5 23. Rfc1 Bxb4 24. Nfe2 Be7 25. f4 g6 26. Bf2 b4 27. Nd1 Qb7 28.
Rab1 Ra8 29. Rb3 O-O 30. Ne3 Nxe3 31. Qxe3 Rfc8 32. Rxc8+ Qxc8 33. f5 exf5 34.
e6 Ra1+ 35. Kh2 Nf6 36. exf7+ Kxf7 37. Qf4 Ng4+ 38. Kg3 h4+ 39. Kf3 Rf1 0-1

[Event "ch-USA w 2022"]
[Site "Saint Louis USA"]
[Date "2022.10.12"]
[Round "7.2"]
[White "Lee, Megan"]
[Black "Yu, Jennifer"]
[Result "1-0"]
[WhiteTitle "WIM"]
[BlackTitle "FM"]
[WhiteElo "2226"]
[BlackElo "2297"]
[WhiteFideId "2029618"]
[BlackFideId "2078341"]
[EventDate "2022.10.05"]

1. e4 e5 2. Nf3 Nc6 3. d4 exd4 4. Nxd4 Bc5 5. Nb3 Bb6 6. Nc3 Nge7 7. Bg5 f6 8.
Bf4 O-O 9. a4 a5 10. Qd2 d6 11. O-O-O Ne5 12. Be3 Bxe3 13. Qxe3 f5 14. f4 Ng4
15. Qd2 fxe4 16. Nxe4 Bf5 17. Nc3 Nf6 18. Re1 Bg6 19. Rg1 Bf7 20. g3 Ned5 21.
Nb5 c6 22. N5d4 Nb6 23. Ne6 Bxe6 24. Rxe6 d5 25. Qd4 Nfd7 26. Bh3 Rf6 27. Re2
Qc7 28. Re7 Qd6 29. Rge1 c5 30. Qf2 d4 31. Qf3 c4 32. Qxb7 Rb8 33. Qa7 cxb3 34.
Bxd7 Kh8 35. Qxb8+ Qxb8 36. Re8+ Rf8 37. Rxb8 Rxb8 38. Re8+ Rxe8 39. Bxe8 Kg8
40. cxb3 Kf8 41. Bc6 Ke7 42. b4 axb4 43. a5 Nc8 44. Bb7 Na7 45. Kd2 Kd6 46. Kd3
Kc5 47. g4 Nb5 48. f5 h6 49. h4 b3 50. a6 Kb6 51. g5 hxg5 52. hxg5 Nd6 53. f6 g6
54. Kxd4 Nf7 55. Bd5 Nxg5 56. f7 Nh7 57. Be4 Kxa6 58. Bxg6 Nf8 59. Bf5 Kb6 60.
Ke5 Kc7 61. Kf6 Kd6 62. Kg7 Ke7 63. Kg8 1-0

[Event "ch-USA w 2022"]
[Site "Saint Louis USA"]
[Date "2022.10.12"]
[Round "7.3"]
[White "Tokhirjonova, Gulrukhbegim"]
[Black "Abrahamyan, Tatev"]
[Result "1-0"]
[WhiteTitle "WGM"]
[BlackTitle "WGM"]
[WhiteElo "2336"]
[BlackElo "2308"]
[WhiteFideId "14203626"]
[BlackFideId "13301918"]
[EventDate "2022.10.05"]

1. e4 e6 2. d4 d5 3. e5 c5 4. c3 Nc6 5. Nf3 Bd7 6. Be2 Nge7 7. Na3 Ng6 8. Nc2
Be7 9. g3 cxd4 10. cxd4 O-O 11. h4 f6 12. h5 Nh8 13. Bf4 Nf7 14. Bd3 Rc8 15. Qe2
fxe5 16. dxe5 Ng5 17. Nh4 Nb4 18. Nxb4 Bxb4+ 19. Kf1 Ne4 20. Kg2 Bc5 21. Raf1
Be7 22. Ng6 Rf7 23. Qg4 Nc5 24. Nxe7+ Qxe7 25. Bg6 Bc6 26. Bxf7+ Qxf7 27. Rd1
Rf8 28. Rd4 Kh8 29. f3 Nd7 30. h6 g6 31. Re1 Qe8 32. Bd2 Rf5 33. Rf4 Rh5 34. Rh1
Nxe5 35. Bc3 Kg8 36. Qxh5 gxh5 37. Bxe5 1-0

[Event "ch-USA w 2022"]
[Site "Saint Louis USA"]
[Date "2022.10.12"]
[Round "7.4"]
[White "Lee, Alice"]
[Black "Wu, Rochelle"]
[Result "0-1"]
[WhiteTitle "FM"]
[BlackTitle "FM"]
[WhiteElo "2263"]
[BlackElo "2317"]
[WhiteFideId "30941822"]
[BlackFideId "30908132"]
[EventDate "2022.10.05"]

1. d4 d5 2. c4 c6 3. Nf3 Nf6 4. e3 Bf5 5. Nc3 a6 6. Qb3 b5 7. cxd5 cxd5 8. Ne5
e6 9. f3 Nfd7 10. Nxd7 Nxd7 11. Bd2 Bd6 12. g3 O-O 13. Bg2 Rc8 14. e4 dxe4 15.
fxe4 Bg6 16. O-O e5 17. Be3 exd4 18. Bxd4 Rc4 19. Bf2 Nc5 20. Bxc5 Bxc5+ 21. Kh1
Rb4 22. Qc2 Bd4 23. a4 Rc4 24. axb5 axb5 25. Rad1 Qg5 26. Qd3 Bxc3 27. bxc3 Qc5
28. Qd7 Rxc3 29. Rd5 Qe3 30. Rxb5 Rc1 31. Rb1 Rxb1 32. Rxb1 Bxe4 33. Rd1 h5 34.
Qd2 Bxg2+ 35. Qxg2 Rc8 36. Qd5 Rc1 37. Rxc1 Qxc1+ 38. Kg2 Qc2+ 39. Kg1 Qg6 40.
Kg2 Kh7 41. Kh1 f6 42. h4 Qb1+ 43. Kh2 Qc2+ 44. Kg1 Kg6 45. Qe6 Qf5 46. Qe8+ Kh7
47. Kg2 Qe5 48. Qc8 Qe4+ 49. Kh2 Kg6 50. Qd7 Qe2+ 51. Kh1 f5 52. Qd6+ Kh7 53.
Qc7 Qf1+ 54. Kh2 Qf2+ 55. Kh3 Qg1 56. Qc6 Qf1+ 57. Kh2 Qe2+ 58. Kg1 f4 59. gxf4
Qg4+ 60. Kf1 Qxf4+ 61. Ke2 Qxh4 62. Qc2+ Kh6 63. Qd2+ Qg5 64. Qd6+ Qg6 65. Qf4+
Kh7 66. Qb8 Qf5 67. Qd8 Qe5+ 68. Kd1 Qe4 69. Qa5 Qg4+ 70. Ke1 h4 71. Qc5 Qe4+
72. Kf2 Kh6 73. Qd6+ Qg6 74. Qf4+ Qg5 75. Qd6+ Qf6+ 0-1